Comparative criminal justice / (Record no. 82438)
[ view plain ]
| 000 -LEADER | |
|---|---|
| fixed length control field | 01145nam a2200337 a 4500 |
| 001 - CONTROL NUMBER | |
| control field | 82438 |
| 003 - CONTROL NUMBER IDENTIFIER | |
| rucl marc code | BD-RjUL |
| 005 - DATE AND TIME OF LATEST TRANSACTION | |
| control field | 20231211115837.0 |
| 008 - FIXED-LENGTH DATA ELEMENTS--GENERAL INFORMATION | |
| fixed length control field | 231211s2019 enk b 001 0 eng |
| 020 ## - INTERNATIONAL STANDARD BOOK NUMBER | |
| International Standard Book Number | 9781138039353 (pbk.) |
| International Standard Book Number | 9781138039346 (hardback) |
| Canceled/invalid ISBN | 9781315175942 (ebook) |
| Canceled/invalid ISBN | 9781351708265 |
| Qualifying information | ebook |
| 035 ## - SYSTEM CONTROL NUMBER | |
| System control number | (BD-RjUL)82438 |
| 040 ## - CATALOGING SOURCE | |
| Original cataloging agency | DLC |
| Language of cataloging | eng |
| Description conventions | rda |
| Transcribing agency | DLC |
| Modifying agency | DLC |
| -- | BD-RjUL |
| 041 ## - LANGUAGE CODE | |
| Language code of text/sound track or separate title | eng |
| 082 00 - DEWEY DECIMAL CLASSIFICATION NUMBER | |
| Edition number | 23 |
| Classification number | 364 |
| Author mark and year | PAC 2019 |
| 100 1# - MAIN ENTRY--PERSONAL NAME | |
| Personal name | Pakes, Francis J., |
| Relator term | author. |
| 9 (RLIN) | 10444 |
| 245 10 - TITLE STATEMENT | |
| Title | Comparative criminal justice / |
| Statement of responsibility, etc. | Francis Pakes. |
| 250 ## - EDITION STATEMENT | |
| Edition statement | Fourth Edition. |
| 264 #1 - PRODUCTION, PUBLICATION, DISTRIBUTION, MANUFACTURE, AND COPYRIGHT NOTICE | |
| Place of production, publication, distribution, manufacture | London ; |
| -- | New York : |
| Name of producer, publisher, distributor, manufacturer | Routledge, Taylor & Francis Group, |
| Date of production, publication, distribution, manufacture, or copyright notice | 2019 |
| 300 ## - PHYSICAL DESCRIPTION | |
| Pagination | viii, 276 pages ; |
| Size | 24 cm |
| 336 ## - CONTENT TYPE | |
| Content type term | text |
| Content type code | txt |
| Source | rdacontent |
| 337 ## - MEDIA TYPE | |
| Media type term | unmediated |
| Media type code | n |
| Source | rdamedia |
| 338 ## - CARRIER TYPE | |
| Carrier type term | volume |
| Carrier type code | nc |
| Source | rdacarrier |
| 500 ## - GENERAL NOTE | |
| General note | Revised edition of the author's Comparative criminal justice, 2015. |
| 504 ## - BIBLIOGRAPHY, ETC. NOTE | |
| Bibliography, etc | Includes bibliographical references (pages 238-264) and index. |
| 650 #0 - SUBJECT ADDED ENTRY--TOPICAL TERM | |
| Topical term or geographic name as entry element | Criminal justice, Administration of |
| Form subdivision | Cross-cultural studies. |
| 9 (RLIN) | 10445 |
| 942 ## - ADDED ENTRY ELEMENTS (KOHA) | |
| Source of classification or shelving scheme | Dewey Decimal Classification |
| Koha item type | Books |
| Lost status | Source of classification or shelving scheme | Damaged status | Not for loan | Collection code | Permanent Location | Current Location | Shelving location | Date acquired | Source of acquisition | Cost, normal purchase price | Total Checkouts | Full call number | Date last seen | Copy number | Koha item type |
|---|---|---|---|---|---|---|---|---|---|---|---|---|---|---|---|
| Dewey Decimal Classification | Not For Loan | Non-fiction | Central Library, University of Rajshahi | Central Library, University of Rajshahi | Reading Room | 10/12/2023 | Dhaka: Omni Concept | 2898.00 | 364 PAC 2019 | 11/12/2023 | C-1 | Books | |||
| Dewey Decimal Classification | Non-fiction | Central Library, University of Rajshahi | Central Library, University of Rajshahi | General Stacks | 10/12/2023 | Dhaka: Omni Concept | 2898.00 | 364 PAC 2019 | 11/12/2023 | C-2 | Books | ||||
| Dewey Decimal Classification | Non-fiction | Central Library, University of Rajshahi | Central Library, University of Rajshahi | General Stacks | 10/12/2023 | Dhaka: Omni Concept | 2898.00 | 364 PAC 2019 | 11/12/2023 | C-3 | Books |